000 00968nas a2200265 454500
001 43398
005 20260407193511.0
008 260407s1997####ag###########|||spa#d
003 AR-UNSa-BCEJYS
040 _aAR-UNSa-BCEJYS
_bspa
_cAR-UNSa-BCEJYS
080 _a338.2
_xPolítica económica. Control de la economía. Gestión de la economía. Planificación económica
245 1 0 _aEconomic development and cultural change
022 _a0013-0079
264 1 _aChicago :
_bUniversity of Chicago Press
_c1997
310 _aFrecuencia: Trimestral
041 _aspa
942 _cSER
590 _aniveau_biblio:s niveau_hierar:1
100 1 _aUniversity of Chicago. Research Center in Economic Development and Cultural Change
700 1 _aJohnson, David Gale
650 _aCambio social
650 _aPolítica económica
650 _aDESARROLLO ECONOMICO
856 4 1 _uhttps://biblioeco.unsa.edu.ar/pmb/images/revistas/R21208.jpg
_yImagen de portada
_qimage/jpeg
999 _c8899
_d8899